ʻAlī Bak al-Kabīr /

محفوظ في:

المؤلف الرئيسي: Ramaḍān, Muḥammad Rifʻat (مؤلف)

التنسيق: كتاب

اللغة: Arabic

منشور في: [Cairo] : Dār al-Fikr al-ʻArabi, [1950].

الموضوعات:

الوسوم: إضافة وسم

لا توجد وسوم, كن أول من يضع وسما على هذه التسجيلة!

رقم الطلب: DT98.5 .R3 1950

LEADER 00995nam a2200265Ka 4500
001 6757
003 OSt
005 20230613064008.0
008 130303s1950 ua a b 000 0 ara d
952 |0 0  |1 0  |2 lcc  |4 0  |6 DT00985 R3 01950  |7 1  |9 49026  |a ARCE  |b ARCE  |d 2023-06-13  |l 0  |o DT98.5 .R3 1950  |r 2023-06-13 00:00:00  |w 2023-06-13  |y BK 
999 |c 8151  |d 8151 
040 |c ARCE Library 
043 |a f-ua--- 
050 4 |a DT98.5 .R3 1950 
100 1 |6 880-01  |a Ramaḍān, Muḥammad Rifʻat,  |e author 
245 1 0 |6 880-02  |a ʻAlī Bak al-Kabīr /   |c taʼlīf Muḥammad Rifʻat Ramaḍān. 
264 1 |a [Cairo] :   |b Dār al-Fikr al-ʻArabi,   |c [1950]. 
300 |a 286 pages ;   |b ill. ;   |c 22 cm. 
504 |a Includes bibliographical references. 
600 0 0 |a ʻAlī Bey,  |d 1728-1773. 
651 0 |a Egypt  |x History  |y 1517-1882. 
880 1 |6 100-01/(3/r  |a رمضان، محمد رفعت 
880 1 0 |6 245-02/(3/r  |a على بك الكبير   |c taʼlīf Muḥammad Rifʻat Ramaḍān. 
901 |a reviewed 
942 |c BK  |2 lcc